|
000
|
00814nam0 22002531 450
|
|
001
|
0112110438
|
|
005
|
20161212110438.0
|
|
010
|
|
@a978-7-109-21628-0@dCNY32.00
|
|
100
|
|
@a20160628d2016 em y0chiy0121 ea
|
|
101
|
0
|
@achi
|
|
102
|
|
@aCN@b110000
|
|
105
|
|
@ay a 000yy
|
|
106
|
|
@ar
|
|
200
|
1
|
@a盆景@Apen jing@f尤扬主编
|
|
210
|
|
@a北京@c中国农业出版社@d2016.05
|
|
215
|
|
@a147页@d21cm
|
|
320
|
|
@a有书目 (第146-147页)
|
|
330
|
|
@a本书共分为九章, 主要内容包括: 概说盆景、中国盆景发展的历史概况与现状、中州盆景、盆景分类及常见式样、盆景材料和工具、盆景植物材料繁育、树桩盆景创作等。
|
|
606
|
0
|
@a盆景@Apen jing@x观赏园艺
|
|
690
|
|
@aS688.1@v5
|
|
692
|
|
@aS688.1@v5
|
|
701
|
0
|
@a尤扬@Ayou yang@4主编
|
|
801
|
0
|
@aCN@b人天书店@c20160628
|
|
905
|
|
@aCKNYKJZYXY@b300518643-5@dS688.1@e128@f3
|
|
|
|
|
| |
| 盆景/尤扬主编.-北京:中国农业出版社,2016.05 |
| 147页;21cm |
| |
| |
| ISBN 978-7-109-21628-0:CNY32.00 |
| 本书共分为九章, 主要内容包括: 概说盆景、中国盆景发展的历史概况与现状、中州盆景、盆景分类及常见式样、盆景材料和工具、盆景植物材料繁育、树桩盆景创作等。 |
| ● |
正题名:盆景
索取号:S688.1/128
 
预约/预借